LEADER 01741nam 2200445 450 001 000015437 005 20050718115600.0 010 $a0-582-06264-0$b(vol. 1.) 100 $a20030728d--------km-y0itay0103----ba 101 0 $aeng 102 $aGB 200 1 $aApproximation of Hilbert space operators$fDomingo A. Herrero 205 $a2. ed. 210 $aHarlow$cLongman Scientific & Technical 215 $av.$d25 cm. 225 2 $aPitman research notes in mathematics series$v224 327 0 $aVol. 1. - 1989. - 332 p. 410 0$12001$aPitman research notes in mathematics series 606 $aOperatori$xTeoria 607 $aSpazio hilbertiano 676 $a515.724$v(21. ed.)$9Analisi. Teoria degli operatori 691 $a41A65$9Approximations and expansions. Abstract approximation theory (approximation in normed linear spaces and other abstract spaces) 691 $a47A55$9General theory of linear operators. Perturbation theory 691 $a47A60$9General theory of linear operators. Functional calculus 700 1$aHerrero,$bDomingo A.$054075 801 0$aIT$bUniversità della Basilicata - B.I.A.$gRICA$2unimarc 912 $a000015437 996 $aApproximation of Hilbert space operators$983298 997 $aUNIBAS BAS $aMONSCI BAS $aSCIENZE CAT $aEXT002$b01$c20030728$lBAS01$h1126 CAT $aEXT002$b01$c20030728$lBAS01$h1136 CAT $c20050601$lBAS01$h1755 CAT $abatch$b01$c20050718$lBAS01$h1052 CAT $c20050718$lBAS01$h1111 CAT $c20050718$lBAS01$h1141 CAT $c20050718$lBAS01$h1156 FMT Z30 -1$lBAS01$LBAS01$mBOOK$1BASA2$APolo Tecnico-Scientifico$2GEN$BCollezione generale$3MAT$669699$5S69699$820030728$f51$FRiservati LEADER 05516nam 2200685 450 001 9910821565003321 005 20200520144314.0 010 $a1-281-22731-5 010 $a9786611227319 010 $a0-08-050925-8 035 $a(CKB)1000000000384504 035 $a(EBL)333990 035 $a(OCoLC)437202754 035 $a(SSID)ssj0000182494 035 $a(PQKBManifestationID)11182587 035 $a(PQKBTitleCode)TC0000182494 035 $a(PQKBWorkID)10172644 035 $a(PQKB)10798710 035 $a(Au-PeEL)EBL333990 035 $a(CaPaEBR)ebr10216746 035 $a(CaONFJC)MIL122731 035 $a(MiAaPQ)EBC333990 035 $a(PPN)175382166 035 $a(EXLCZ)991000000000384504 100 $a20151125h20062006 uy 0 101 0 $aeng 135 $aur|n|---||||| 181 $ctxt 182 $cc 183 $acr 200 10$aIntroduction to data compression /$fKhalid Sayood, University of Nebraska 205 $aThird edition. 210 1$aAmsterdam, [Netherlands] :$cMorgan Kaufmann,$d2006. 210 4$d©2006 215 $a1 online resource (703 p.) 225 1 $aMorgan Kaufmann Series in Multimedia Information and Systems 300 $aDescription based upon print version of record. 311 $a0-12-620862-X 320 $aIncludes bibliographical references and index. 327 $aFront cover; Title page; Copyright page; Table of contents; Preface; Audience; Course Use; Approach; Learning from This Book; Content and Organization; A Personal View; Acknowledgments; 1 Introduction; 1.1 Compression Techniques; 1.1.1 Lossless Compression; 1.1.2 Lossy Compression; 1.1.3 Measures of Performance; 1.2 Modeling and Coding; 1.3 Summary; 1.4 Projects and Problems; 2 Mathematical Preliminaries for Lossless Compression; 2.1 Overview; 2.2 A Brief Introduction to Information Theory; 2.2.1 Derivation of Average Information; 2.3 Models; 2.3.1 Physical Models; 2.3.2 Probability Models 327 $a2.3.3 Markov Models2.3.4 Composite Source Model; 2.4 Coding; 2.4.1 Uniquely Decodable Codes; 2.4.2 Prefix Codes; 2.4.3 The Kraft-McMillan Inequality; 2.5 Algorithmic Information Theory; 2.6 Minimum Description Length Principle; 2.7 Summary; 2.8 Projects and Problems; 3 Huffman Coding; 3.1 Overview; 3.2 The Huffman Coding Algorithm; 3.2.1 Minimum Variance Huffman Codes; 3.2.2 Optimality of Huffman Codes; 3.2.3 Length of Huffman Codes; 3.2.4 Extended Huffman Codes; 3.3 Nonbinary Huffman Codes; 3.4 Adaptive Huffman Coding; 3.4.1 Update Procedure; 3.4.2 Encoding Procedure 327 $a3.4.3 Decoding Procedure3.5 Golomb Codes; 3.6 Rice Codes; 3.6.1 CCSDS Recommendation for Lossless Compression; 3.7 Tunstall Codes; 3.8 Applications of Huffman Coding; 3.8.1 Lossless Image Compression; 3.8.2 Text Compression; 3.8.3 Audio Compression; 3.9 Summary; 3.10 Projects and Problems; 4 Arithmetic Coding; 4.1 Overview; 4.2 Introduction; 4.3 Coding a Sequence; 4.3.1 Generating a Tag; 4.3.2 Deciphering the Tag; 4.4 Generating a Binary Code; 4.4.1 Uniqueness and Ef f iciency of the Arithmetic Code; 4.4.2 Algorithm Implementation; 4.4.3 Integer Implementation 327 $a4.5 Comparison of Huffman and Arithmetic Coding4.6 Adaptive Arithmetic Coding; 4.7 Applications; 4.8 Summary; 4.9 Projects and Problems; 5 Dictionary Techniques; 5.1 Overview; 5.2 Introduction; 5.3 Static Dictionary; 5.3.1 Digram Coding; 5.4 Adaptive Dictionary; 5.4.1 The LZ77 Approach; 5.4.2 The LZ78 Approach; 5.5 Applications; 5.5.1 File Compression-UNIX; 5.5.2 Image Compression-The Graphics Interchange Format (GIF); 5.5.3 Image Compression-Portable Network Graphics (PNG); 5.5.4 Compression over Modems-V.42 bis; 5.6 Summary; 5.7 Projects and Problems; 6 Context-Based Compression 327 $a6.1 Overview6.2 Introduction; 6.3 Prediction with Partial Match (ppm); 6.3.1 The Basic Algorithm; 6.3.2 The Escape Symbol; 6.3.3 Length of Context; 6.3.4 The Exclusion Principle; 6.4 The Burrows-Wheeler Transform; 6.4.1 Move-to-Front Coding; 6.5 Associative Coder of Buyanovsky (ACB); 6.6 Dynamic Markov Compression; 6.7 Summary; 6.8 Projects and Problems; 7 Lossless Image Compression; 7.1 Overview; 7.2 Introduction; 7.2.1 The Old JPEG Standard; 7.3 CALIC; 7.4 JPEG-LS; 7.5 Multiresolution Approaches; 7.5.1 Progressive Image Transmission; 7.6 Facsimile Encoding; 7.6.1 Run-Length Coding 327 $a7.6.2 CCITT Group 3 and 4-Recommendations T.4 and T.6 330 $aEach edition of Introduction to Data Compression has widely been considered the best introduction and reference text on the art and science of data compression, and the third edition continues in this tradition. Data compression techniques and technology are ever-evolving with new applications in image, speech, text, audio, and video. The third edition includes all the cutting edge updates the reader will need during the work day and in class. Khalid Sayood provides an extensive introduction to the theory underlying today's compression techniques with detailed instruction for their app 410 0$aMorgan Kaufmann series in multimedia information and systems. 606 $aData compression (Telecommunication) 606 $aCoding theory 615 0$aData compression (Telecommunication) 615 0$aCoding theory. 676 $a005.74/6 700 $aSayood$b Khalid$028099 801 0$bMiAaPQ 801 1$bMiAaPQ 801 2$bMiAaPQ 906 $aBOOK 912 $a9910821565003321 996 $aIntroduction to data compression$942058 997 $aUNINA LEADER 02699oam 2200601 c 450 001 9910563033003321 005 20250606180104.0 024 7 $a10.3726/b12496 035 $a(CKB)4340000000238729 035 $a(oapen)https://directory.doabooks.org/handle/20.500.12854/30221 035 $a(PH02)9783954792597 035 $a(MiAaPQ)EBC31202929 035 $a(oapen)doab30221 035 $a(EXLCZ)994340000000238729 100 $a20240525d1983 uy 0 101 0 $ager 135 $aurnnunnnannuu 181 $ctxt$2rdacontent 182 $cc$2rdamedia 183 $acr$2rdacarrier 200 14$aDas poetische System der Dramen I. S. Turgenevs$eStudien zu einer pragmatischen Dramenanalyse$fWalter Koschmal 205 $a1st, New ed. 210 $aFrankfurt a.M$cPH02$d1983 215 $a1 online resource (453 p.)$c, EPDF 225 0 $aSlavistische Beitra?ge$v166 300 $aPeter Lang GmbH, Internationaler Verlag der Wissenschaften 311 08$a3-95479-259-1 327 $aEinleitung - Ablo?sung der Handlung als Konstruktionsdominante - Pragmatische Bedeutungen - Wechsel semantischer Figurenkontexte in den fru?hen Stu?cken - Wechsel semantischer und pragmatischer Figurenkontexte - Evolution des Autorenkontextes - Wechsel pragmatischer Figurenkontexte - Das poetische System der Dramen im Kontext der literarischen Evolution 330 $aTurgenev als Autor von Prosaskizzen, Erza?hlungen und Romanen erscheint als unumstrittene Gro?ße der russischen Literatur. Turgenev als Verfasser von Gedichten, Poemen und Theaterstu?cken blieb dagegen bis heute, besonders außerhalb des russischen und slavischen Kulturkreises ein weitgehend "unbeschriebenes Blatt". In den Jahren von 1834 bis 1852 schuf der Autor neben einigen kurzen Fragmenten zwo?lf dramatische Texte, die bis in die 60er Jahre zum Teil grundlegend umgearbeitet wurden und heute ein Korpus von weit tausend Seiten bilden. 517 $aPoetische System der Dramen I. S. Turgenevs 606 $aLiterature & literary studies$2bicssc 610 $aDramen 610 $aDramenanalyse 610 $aeiner 610 $aFigurenkontext 610 $aKoschmal 610 $aLiteraturwissenschaft 610 $apoetische 610 $apragmatischen 610 $aRussland 610 $aSlavische Sprachwissenschaft 610 $aStudien 610 $aSystem 610 $aTheater 610 $aTurgenevs 615 7$aLiterature & literary studies 700 $aKoschmal$b Walter$4aut$0687108 801 0$bPH02 801 1$bPH02 906 $aBOOK 912 $a9910563033003321 996 $aDas poetische System der Dramen I. S. Turgenevs$93020926 997 $aUNINA